Guías para el desarrollo de materiales de capacitación para la educación inicial: versión experimental
Guardat en:
| Format: | Llibre |
|---|---|
| Idioma: | espanyol |
| Publicat: |
Santiago
Orealc
1988
|
| Matèries: | |
| Etiquetes: |
Afegir etiqueta
Sense etiquetes, Sigues el primer a etiquetar aquest registre!
|
MARC
| LEADER | 00000nam a2200000 a 4500 | ||
|---|---|---|---|
| 001 | UCW4116 | ||
| 003 | CL-VaPUC | ||
| 008 | 890904e19880000CL |||||||||||||||||spa|d | ||
| 082 | 0 | 4 | |a 372.21 |b GUI |2 21 |
| 245 | 1 | 0 | |a Guías para el desarrollo de materiales de capacitación para la educación inicial: versión experimental |
| 300 | |a 73 p | ||
| 942 | |c BK | ||
| 945 | |d 19890904 00:00:00 | ||
| 260 | |a Santiago |b Orealc |c 1988 | ||
| 500 | |a Programa de Cooperación UNESCO-UNICEF Proyecto Principal de Educación en América Latina y el Caribe | ||
| 650 | 7 | |a EDUCACION PREESCOLAR METODOLOGIA |2 CL-VaPUC |9 308673 | |
| 650 | 0 | |a Congresos |9 257560 | |
| 650 | 0 | |a Materiales de enseñanza |9 307972 | |
| 650 | 0 | |a Desarrollo infantil |9 308064 | |
| 583 | |a last modification |c 19890904 00:00:00 |k Rodrigo Vera | ||
| 999 | |c 217917 |d 217915 | ||
| 952 | |0 0 |1 0 |4 0 |6 372_210000000000000_GUI_1988 |7 0 |8 P |9 206581 |a BIBEDU |b BIBEDU |c BIBEDU_PB |d 2019-11-15 |i 2744031 |o 372.21 GUI 1988 |p 2744031 |r 2024-01-25 |w 2019-11-15 |y BK |k EDU | ||